ਬਾਤਾਂ ਨਹੀ ਸ਼ੁਖਾਲਿਆਂ : (Record no. 109733)
[ view plain ]
| 000 -LEADER | |
|---|---|
| fixed length control field | 01214nam a22002777a 4500 |
| 005 - DATE AND TIME OF LATEST TRANSACTION | |
| control field | 20170123164142.0 |
| 010 ## - LIBRARY OF CONGRESS CONTROL NUMBER | |
| LC control number | B-210340 |
| 020 ## - INTERNATIONAL STANDARD BOOK NUMBER | |
| Terms of availability | 125.00 |
| 035 ## - SYSTEM CONTROL NUMBER | |
| System control number | B-210340 |
| 037 ## - SOURCE OF ACQUISITION | |
| Source of stock number/acquisition | Cen Lib / Ret |
| 040 ## - CATALOGING SOURCE | |
| Original cataloging agency | DPL |
| Language of cataloging | PN |
| 082 ## - DEWEY DECIMAL CLASSIFICATION NUMBER | |
| Classification number | ਉ |
| Item number | ਅਚੀਬੀ |
| 100 ## - MAIN ENTRY--PERSONAL NAME | |
| Personal name | ਅਚੀਬੀ, ਚਿਨੂਆ |
| 9 (RLIN) | 116194 |
| 245 ## - TITLE STATEMENT | |
| Title | ਬਾਤਾਂ ਨਹੀ ਸ਼ੁਖਾਲਿਆਂ : |
| Statement of responsibility, etc | ਚਿਨੂਆ ਅਚੀਬੀ ; ਅਨੁਵਾਦ ਪਰਮਿੰਦਰ ਸਿੰਘ, ਰਵਿੰਦਰ ਸਿੰਘ |
| Remainder of title | ਆਫਰੀਕੀ-ਨਾਵਲ / |
| 246 ## - VARYING FORM OF TITLE | |
| Title proper/short title | Baatan nahi sukhaallian ; no longer at ease |
| Remainder of title | by Chinua Achebe ; translated by Parminder Singh, Ravinder Singh |
| 260 ## - PUBLICATION, DISTRIBUTION, ETC. (IMPRINT) | |
| Place of publication, distribution, etc | ਚੰਡੀਗਡ |
| Name of publisher, distributor, etc | ਲੋਕਗੀਤ ਪ੍ਰਕਾਸ਼ਨ |
| Date of publication, distribution, etc | 2005 |
| 270 ## - ADDRESS | |
| Address | SCO 26-27 Sector 34 A, Chandigarh |
| City | Chandigarh |
| 300 ## - PHYSICAL DESCRIPTION | |
| Extent | 144p. |
| Dimensions | 21cm(Hb) |
| 650 ## - SUBJECT ADDED ENTRY--TOPICAL TERM | |
| Topical term or geographic name as entry element | ਪੰਜਾਬੀ ਸਾਹਿਤ |
| 9 (RLIN) | 116195 |
| 650 ## - SUBJECT ADDED ENTRY--TOPICAL TERM | |
| Topical term or geographic name as entry element | ਪੰਜਾਬੀ ਨਾਵਲ |
| 9 (RLIN) | 116196 |
| 650 ## - SUBJECT ADDED ENTRY--TOPICAL TERM | |
| Topical term or geographic name as entry element | Punjabi Literature |
| 9 (RLIN) | 781 |
| 650 ## - SUBJECT ADDED ENTRY--TOPICAL TERM | |
| Topical term or geographic name as entry element | Punjabi Novel |
| 9 (RLIN) | 6285 |
| 700 ## - ADDED ENTRY--PERSONAL NAME | |
| Personal name | ਸਿੰਘ, ਪਰਮਿੰਦਰ |
| 9 (RLIN) | 116197 |
| 700 ## - ADDED ENTRY--PERSONAL NAME | |
| Personal name | ਸਿੰਘ ਰਵਿੰਦਰ |
| 9 (RLIN) | 116198 |
| 942 ## - ADDED ENTRY ELEMENTS (KOHA) | |
| Source of classification or shelving scheme | Dewey Decimal Classification |
| Koha item type | Punjabi Bks |
| Classification part | ਉ |
| Call number suffix | ਅਚੀਬੀ |
| Withdrawn status | Lost status | Damaged status | Not for loan | Home library | Current library | Date acquired | Source of acquisition | Cost, normal purchase price | Total Checkouts | Full call number | Barcode | Date last seen | Date checked out | Copy number | Cost, replacement price | Price effective from | Koha item type |
|---|---|---|---|---|---|---|---|---|---|---|---|---|---|---|---|---|---|
| Central Library | Central Library | 31/12/2015 | Cen Lib/Ret | 125.00 | 1 | ਉ ਅਚੀਬੀ | B-210340 | 04/06/2022 | 21/05/2022 | 1 | 125.00 | 31/12/2015 | Punjabi Bks |
